Statistics for 2022 Movies by Rotten Tomatoes

Click here to take the quiz!

General Stats

  • This quiz has been taken 15 times
  • The average score is 9 of 30

Answer Stats

Rotten Tomato ScoreMovie% Correct
76%Avatar: The Way of Water
90%
95%Everything Everywhere All At Once
90%
96%Top Gun: Maverick
80%
74%Doctor Strange In the Multiverse of Madness
70%
65%The Whale
70%
84%Black Panther: Wakanda Forever
60%
95%Puss in Boots: The Last Wish
60%
16%Morbius
40%
91%Tar
40%
94%The Woman King
40%
64%Thor: Love and Thunder
40%
56%Babylon
30%
79%The Lost City
30%
39%Black Adam
20%
54%Bullet Train
20%
46%Fantastic Beasts: The Secrets of Dumbledore
20%
83%Nope
20%
91%Women Talking
20%
68%Ambulance
10%
32%Amsterdam
10%
57%Day Shift
10%
38%Don't Worry Darling
10%
92%Glass Onion: A Knives Out Mystery
10%
94%M3GAN
10%
67%The Adam Project
10%
88%The Menu
10%
87%The Unbearable Weight of Massive Talent
10%
63%White Noise
10%
68%Beast
0%
73%Violent Night
0%

Score Distribution

Percentile by Number Answered

Percent of People with Each Score

Your Score History

You have not taken this quiz